Catálogo - Centro de Recursos para el Aprendizaje y la Investigación

Volver al Sitio - CRAI Biblioteca

Catálogo 2016 -2017 literatura infantil y juvenil República Dominicana / (Registro nro. 113758)

Detalles MARC
000 -CABECERA
campo de control de longitud fija 01222nam a22002657a 4500
001 - NÚMERO DE CONTROL
campo de control 113758
003 - IDENTIFICADOR DEL NÚMERO DE CONTROL
campo de control DR-UNIBE
005 - FECHA Y HORA DE LA ÚLTIMA TRANSACCIÓN
campo de control 20250617145344.0
008 - DATOS DE LONGITUD FIJA--INFORMACIÓN GENERAL
campo de control de longitud fija 250617b2016 dr ||||| |||| 00| 0 spa d
040 ## - FUENTE DE LA CATALOGACIÓN
Centro catalogador/agencia de origen BIBLIOTECA UNIBE
Lengua de catalogación spa
Centro/agencia transcriptor BIBLIOTECA UNIBE
Normas de descripción rda
041 ## - CÓDIGO DE LENGUA
Código de lengua del texto/banda sonora o título independiente spa
090 ## - LOCALMENTE ASIGNADO TIPO-LC NÚMERO DE CLASIFICACIÓN (OCLC); NÚMERO DE CLASIFICACIÓN LOCAL (RLIN)
Número de clasificación (OCLC) (R) ; Numero de clasificación, CALL (RLIN) (NR) FBIU-L NF C357 2016
245 10 - MENCIÓN DE TÍTULO
Título Catálogo 2016 -2017 literatura infantil y juvenil República Dominicana /
Mención de responsabilidad, etc. Ruth Herrera; subdirección de arte y producción ; Moisés Kelly Santana ; subdirección de arte: Lilian Salcedo Fernández ; diagramación: Ana Gómez Otaño
260 ## - PUBLICACIÓN, DISTRIBUCIÓN, ETC.
Lugar de publicación, distribución, etc. Santo Domingo :
Nombre del editor, distribuidor, etc. Loqueleo :
-- Santillana,
Fecha de publicación, distribución, etc. 2019
300 ## - DESCRIPCIÓN FÍSICA
Extensión 84 páginas :
Otras características físicas fotos ;
Dimensiones 26 x 20 cm
653 #7 - TÉRMINO DE INDIZACIÓN--NO CONTROLADO
Término no controlado Libros infantiles dominicanos- Catálagos
653 #7 - TÉRMINO DE INDIZACIÓN--NO CONTROLADO
Término no controlado Libros juveniles dominicanos - Catálogos
653 #7 - TÉRMINO DE INDIZACIÓN--NO CONTROLADO
Término no controlado Libros y lectura - Catálogos - República Dominicana
653 #7 - TÉRMINO DE INDIZACIÓN--NO CONTROLADO
Término no controlado Promoción de la lectura - República Dominicana
700 10 - PUNTO DE ACCESO ADICIONAL--NOMBRE DE PERSONA
Nombre de persona Herrera, Ruth,
Fechas asociadas al nombre 1965-
9 (RLIN) 53463
Término indicativo de función/relación redactor
-- coordinador
700 10 - PUNTO DE ACCESO ADICIONAL--NOMBRE DE PERSONA
Nombre de persona Kelly Santana, Moisés
9 (RLIN) 115217
Término indicativo de función/relación director de arte
-- productor
700 10 - PUNTO DE ACCESO ADICIONAL--NOMBRE DE PERSONA
Nombre de persona Salcedo Fernández, Lilian
9 (RLIN) 115218
Término indicativo de función/relación subdirector de arte
700 10 - PUNTO DE ACCESO ADICIONAL--NOMBRE DE PERSONA
Nombre de persona Gómez Otaño, Ana
9 (RLIN) 115219
Término indicativo de función/relación diagramador
942 ## - ELEMENTOS DE PUNTO DE ACCESO ADICIONAL (KOHA)
Fuente del sistema de clasificación o colocación Sistema de Clasificación Decimal Dewey
Tipo de ítem Koha Libro (general)
Existencias
Estado de retiro Estado de pérdida Fuente del sistema de clasificación o colocación No para préstamo Código de colección Localización permanente Fecha de adquisición Total de préstamos Signatura topográfica completa Código de barras Fecha visto por última vez Número de copia Precio válido a partir de Tipo de ítem Koha
  Disponible Sistema de Clasificación Decimal Dewey No se presta Fondo Bibliográfico IBBY-UNIBE Biblioteca Central UNIBE 17/06/2025   FBIU-L NF C357 2016 FBIU0871 17/06/2025 Ej.1 17/06/2025 Libro (reserva)